Using SuperCalc 4

Na minha lista:
Detalhes bibliográficos
Autor principal: Perry, James T.
Outros Autores: Lateer, Joseph G.
Formato: Livro
Idioma:inglês
Publicado em: Carmel Que Co. 1987
Edição:1. ed.
Tags: Adicionar Tag
Sem tags, seja o primeiro a adicionar uma tag!

MARC

LEADER 00000nam a2200000 4500
001 c036794
005 20221206140434.9
041 0 |a eng 
044 |a US 
245 1 0 |a Using SuperCalc 4  |c James T. Perry, Joseph G. Lateer 
250 |a 1. ed. 
264 1 |a Carmel  |b Que Co.  |c 1987 
300 |a 576 s. 
100 1 |a Perry, James T. 
700 1 |a Lateer, Joseph G.